Les groupes ultras de football en France - Statistiques

Statistiques générales
  • Ce quiz a été pris 574 fois
  • Le résultat moyen est 7 sur 15
Statistiques - réponses
Club Groupe ultra % Correct
Lyon Bad Gones
83%
Nantes Brigade Loire
75%
Marseille South Winner
74%
Saint-étienne Magic Fans
71%
Lens Red Tigers
60%
PSG Collectif ultras Paris
50%
Lille Dogues Virage Est
46%
Lorient Merlus ultras
41%
Angers Kop de la butte
40%
Stade rennais Roazhon Celtic Kop
38%
Brest Celtic Ultras
34%
Guingamp Kop rouge
33%
Montpellier Paillade
19%
SC Bastia Bastia 1905
9%
Ajaccio I Sanguinari
6%
Aucun quiz correspondant
Distribution des résultats
% des personnes avec chaque résultat
Percentile par nombre de réponses
Votre historique - résultats
Vous n’avez pas pris ce quiz